Permanent rose

Bibliographic Details
Main Author: Mckay, Hilary
Format: Book
Published: New York : Aladdin Paperbacks Publishers , 2005
Subjects:

MARC

LEADER 00000cam a2200000 7i4500
001 0000025990
005 20160330.0
008 090406
020 |a 1416928049 
090 0 0 |a MCK   |b ENG 
100 1 |a Mckay, Hilary 
245 1 0 |a Permanent rose   |c Hilary Mckay 
260 |a New York :   |b Aladdin Paperbacks Publishers ,   |c 2005 
500 |a Teenager ages 13-18 years old (blue) 
650 0 |a Brothers and sisters   |x fiction 
650 0 |a England   |x fiction 
650 0 |a Family life   |z England   |x fiction 
650 0 |a Fathers   |x fiction 
650 0 |a Friendship   |x fiction 
650 0 |a Self-confidence   |x fiction 
999 |a 0001046917   |b Book   |c Teenagers   |e Perbadanan Perpustakaan Awam Johor 
999 |a 0001046918   |b Book   |c Teenagers   |e Perbadanan Perpustakaan Awam Johor 
999 |a 0001046919   |b Book   |c Teenagers   |e Perbadanan Perpustakaan Awam Johor 
999 |a 0001046920   |b Book   |c Teenagers   |e Perbadanan Perpustakaan Awam Johor